<?xml version="1.0" encoding="UTF-8"?>
<collection xmlns="http://www.loc.gov/MARC21/slim">
 <record>
  <leader>00812cam a2200229 7i4500</leader>
  <controlfield tag="001">0000054007</controlfield>
  <controlfield tag="005">20220119090000.0</controlfield>
  <controlfield tag="008">161026s2015                  </controlfield>
  <datafield tag="020" ind1=" " ind2=" ">
   <subfield code="a">978983475113 (Audio CD) </subfield>
  </datafield>
  <datafield tag="040" ind1=" " ind2=" ">
   <subfield code="a">TSAM</subfield>
  </datafield>
  <datafield tag="090" ind1="0" ind2="0">
   <subfield code="a">PL5079.M3 </subfield>
   <subfield code="b">KAM 2015</subfield>
  </datafield>
  <datafield tag="245" ind1="1" ind2="0">
   <subfield code="a">Bahasa Melayu Komunikasi = </subfield>
   <subfield code="l">Communicative Malay Language [</subfield>
   <subfield code="m">Audio CD]  </subfield>
   <subfield code="c">Kamarul Afendey Hamimi.</subfield>
  </datafield>
  <datafield tag="264" ind1=" " ind2="1">
   <subfield code="a">Shah Alam, Selangor: </subfield>
   <subfield code="b">PeOxford Fajar, </subfield>
   <subfield code="c">2015.</subfield>
  </datafield>
  <datafield tag="300" ind1=" " ind2=" ">
   <subfield code="a">1 Audio CD; </subfield>
   <subfield code="c">4.5 inches.</subfield>
  </datafield>
  <datafield tag="336" ind1=" " ind2=" ">
   <subfield code="a">text</subfield>
   <subfield code="2">rdacontent</subfield>
  </datafield>
  <datafield tag="337" ind1=" " ind2=" ">
   <subfield code="a">computer</subfield>
   <subfield code="2">rdamedia</subfield>
  </datafield>
  <datafield tag="338" ind1=" " ind2=" ">
   <subfield code="a">computer disc</subfield>
   <subfield code="2">rdacarrier</subfield>
  </datafield>
  <datafield tag="500" ind1="0" ind2="0">
   <subfield code="a">To accompany with book titled &quot;Bahasa Melayu Komunikasi / Kamarul Afendey Hamimi &quot;</subfield>
  </datafield>
  <datafield tag="501" ind1="0" ind2="0">
   <subfield code="a">MPU</subfield>
  </datafield>
  <datafield tag="650" ind1="1" ind2="0">
   <subfield code="a">Malay language </subfield>
  </datafield>
  <datafield tag="650" ind1="1" ind2="0">
   <subfield code="a">Malay language -- </subfield>
   <subfield code="x">Conversation and phrase books </subfield>
  </datafield>
  <datafield tag="901" ind1=" " ind2=" ">
   <subfield code="u">http://www.oxfordfajar.com.my</subfield>
  </datafield>
 </record>
</collection>
